Fiesta! / (Record no. 21976)

MARC details
000 -LEADER
fixed length control field 01747pam a2200481 i 4500
001 - CONTROL NUMBER
control field sjds2065273
003 - CONTROL NUMBER IDENTIFIER
control field sjds
005 - DATE AND TIME OF LATEST TRANSACTION
control field 20190325163436.0
008 - FIXED-LENGTH DATA ELEMENTS--GENERAL INFORMATION
fixed length control field 950803t19961996nyua a 000 1 eng
010 ## - LIBRARY OF CONGRESS CONTROL NUMBER
LC control number 95035848
020 ## - INTERNATIONAL STANDARD BOOK NUMBER
International Standard Book Number 0060882263(pbk.)
020 ## - INTERNATIONAL STANDARD BOOK NUMBER
International Standard Book Number 0688143318
020 ## - INTERNATIONAL STANDARD BOOK NUMBER
International Standard Book Number 9780060882266 (pbk.)
020 ## - INTERNATIONAL STANDARD BOOK NUMBER
International Standard Book Number 9780688143312
Terms of availability $16.99
035 ## - SYSTEM CONTROL NUMBER
System control number 1079725
035 ## - SYSTEM CONTROL NUMBER
System control number (OCoLC)33007686
035 ## - SYSTEM CONTROL NUMBER
System control number 1079725
040 ## - CATALOGING SOURCE
Original cataloging agency DLC
Language of cataloging eng
Description conventions rda
Transcribing agency DLC
Modifying agency DLC
-- UtOrBLW
041 0# - LANGUAGE CODE
Language code of text/sound track or separate title eng
-- spa
049 ## - LOCAL HOLDINGS (OCLC)
Holding library IFAB
099 ## - LOCAL FREE-TEXT CALL NUMBER (OCLC)
Filing suffix 1996
100 1# - MAIN ENTRY--PERSONAL NAME
Personal name Gibson, Ginger Foglesong,
Relator term author.
245 10 - TITLE STATEMENT
Title Fiesta! /
Statement of responsibility, etc. by Ginger Foglesong Guy [ie, Ginger Foglesong Gibson] ; pictures by Rene King Moreno.
260 ## - PUBLICATION, DISTRIBUTION, ETC. (IMPRINT)
Place of publication, distribution, etc. New York :
Name of publisher, distributor, etc. Greenwillow Books,
Date of publication, distribution, etc. c1996
264 #1 - PRODUCTION, PUBLICATION, DISTRIBUTION, MANUFACTURE, AND COPYRIGHT NOTICE
Place of production, publication, distribution, manufacture New York :
Name of producer, publisher, distributor, manufacturer Greenwillow Books,
Date of production, publication, distribution, manufacture, or copyright notice [1996]
264 #4 - PRODUCTION, PUBLICATION, DISTRIBUTION, MANUFACTURE, AND COPYRIGHT NOTICE
Date of production, publication, distribution, manufacture, or copyright notice c1996
300 ## - PHYSICAL DESCRIPTION
Extent 1 volume (unpaged) :
Other physical details color illustrations ;
Dimensions 22 x 27 cm
336 ## - CONTENT TYPE
Content type term text
Content type code txt
Source rdacontent
337 ## - MEDIA TYPE
Media type term unmediated
Media type code n
Source rdamedia
338 ## - CARRIER TYPE
Carrier type term volume
Carrier type code nc
Source rdacarrier
520 ## - SUMMARY, ETC.
Summary, etc. Bilingual text describes a children's party and provides practice counting in English and Spanish.
520 ## - SUMMARY, ETC.
Summary, etc. Texto bilingue describe una fiesta de ninos y es una oportunidad para contar para los lectores jovenes.
521 8# - TARGET AUDIENCE NOTE
Target audience note BR
Source Lexile
546 ## - LANGUAGE NOTE
Language note Text in English and Spanish.
650 #0 - SUBJECT ADDED ENTRY--TOPICAL TERM
Topical term or geographic name as entry element Parties
Form subdivision Juvenile fiction.
650 #0 - SUBJECT ADDED ENTRY--TOPICAL TERM
Topical term or geographic name as entry element Counting
Form subdivision Juvenile literature.
650 #0 - SUBJECT ADDED ENTRY--TOPICAL TERM
Topical term or geographic name as entry element Spanish language materials
General subdivision Bilingual
Form subdivision Juvenile literature.
650 #7 - SUBJECT ADDED ENTRY--TOPICAL TERM
Topical term or geographic name as entry element Fiestas
Form subdivision Novela juvenil.
Source of heading or term bidex
650 #7 - SUBJECT ADDED ENTRY--TOPICAL TERM
Topical term or geographic name as entry element Contar (Enumerar)
Form subdivision Novela juvenil.
Source of heading or term bidex
650 #7 - SUBJECT ADDED ENTRY--TOPICAL TERM
Topical term or geographic name as entry element Materiales bilingües en espanol
Form subdivision Literatura juvenil.
Source of heading or term bidex
700 1# - ADDED ENTRY--PERSONAL NAME
Personal name Moreno, Rene King,
Relator term illustrator.
942 ## - ADDED ENTRY ELEMENTS (KOHA)
Koha item type Libro/Book
Holdings
Withdrawn status Lost status Source of classification or shelving scheme Damaged status Not for loan Home library Current library Date acquired Total Checkouts Barcode Date last seen Price effective from Koha item type
    Dewey Decimal Classification     Monte Cristo -- Satellite Monte Cristo -- Satellite 06/06/2019   40201571 06/06/2019 06/06/2019 Libro/Book

Powered by Koha